000 00886nam a22002897a 4500
003 CHAP
005 20220329135915.0
008 971013s1960 r 00010 d
010 _a43947
011 _a44919
035 _a49058
040 _cCHAP
090 _aFolleto 4228
100 0 0 _aTaboada Ramírez, Edmundo L.
_9111309
245 _aCurva exponencial de Mitscherlich
260 _aMéxico, D.F. :
_bINIA,
_c1960
300 _a13 p.
590 _aBATCH-UPD
_b10
_c20130110
_lUCH01
_h1707
590 _aBATCH-UPD
_b10
_c20130410
_lUCH01
_h1054
590 _aBATCH-UPD
_b10
_c20130914
_lUCH01
_h1403
590 _aCONVERSION
_b10
_c20130109
_lUCH01
_h1324
650 1 4 _aFertilizantes
_xExperimentación.
_940565
901 _aBK
942 _cFOLL
949 _aFolleto 4228
_bBC
_cFOLL
_d-110780
_eTS1
_i49058
_mD
_si
949 _aFolleto 4228
_bBC
_cFOLL
_d-110781
_eTS2
_fc.2
_i49058
_mD
_si
999 _c43947
_d43947